"Theodosius amator pacis generisque Gothorum" Theodosius gót politikájáról /

Elmentve itt :
Bibliográfiai részletek
Szerző: Székely Melinda
Dokumentumtípus: Cikk
Megjelent: 2003
Sorozat:Aetas 18 No. 3
Kulcsszavak:I. Nagy Theodosius - Római Birodalom - császár, Római Birodalom története - 4. sz. - életrajz, Gótok története - 4. sz.
Tárgyszavak:
Online Access:http://acta.bibl.u-szeged.hu/49542
LEADER 00833nab a2200205 i 4500
001 acta49542
005 20210928150015.0
008 170727s2003 hu o 0|| hun d
022 |a 0237-7934 
040 |a SZTE Egyetemi Kiadványok Repozitórium  |b hun 
041 |a hun 
100 1 |a Székely Melinda 
245 1 0 |a "Theodosius amator pacis generisque Gothorum"   |h [elektronikus dokumentum] :  |b Theodosius gót politikájáról /  |c  Székely Melinda 
260 |c 2003 
300 |a 24-32 
490 0 |a Aetas  |v 18 No. 3 
650 4 |a Bölcsészettudományok 
650 4 |a Történettudomány és régészet 
695 |a I. Nagy Theodosius - Római Birodalom - császár, Római Birodalom története - 4. sz. - életrajz, Gótok története - 4. sz. 
856 4 0 |u http://acta.bibl.u-szeged.hu/49542/1/aetas_2003_003_004_24-32.pdf  |z Dokumentum-elérés